000 00518nam a22001691a 4500
020 _a9780195683202
082 _a954.84
_bWIL/V
100 _aWilliam J Jackson
245 _aVijayanagara visions : religious experience and culture creativity in a South Indian empire/
_cby William J Jackson
260 _aNew Delhi:
_bOxford University Press,
_c2007.
300 _a381p.
650 _aVijayanagara Cultural History
650 _aVijayanagara History
650 _aHistory India
650 _aHistory
942 _cBK
999 _c49836
_d49836